Deste agua no beberé /

Bibliographic Details
Main Author: Claramonte y Corroy, Andrés de, -1626
Format: Electronic eBook
Language:Spanish
Published: Barcelona : www.Linkgua.com, 2011.
Series:Diferencias. (Linkgua Ediciones)
Subjects:
Online Access:Digitalia Hispánica

MARC

LEADER 00000nam a2200000Ii 4500
001 DIGLINK00731
003 NyNyDIG
006 m o d
007 cr |||||||||||
008 140301s2011 sp o 000 0 spa d
020 |a 9788498971781  |q (eBook) 
020 |z 9788496428669 
040 |a DGITA  |b eng  |e pn  |c DGITA 
050 1 4 |a PQ6388.C4 eBook 
100 1 |a Claramonte y Corroy, Andrés de,  |d  -1626.  
245 1 0 |a Deste agua no beberé /  |c Andrés de Claramonte. 
264 1 |a Barcelona :  |b www.Linkgua.com,  |c 2011.  
300 |a 1 online resource (124 pages) 
336 |a text  |b txt  |2 rdacontent 
337 |a computer  |b c  |2 rdamedia 
338 |a online resource  |b cr  |2 rdacarrier 
490 1 |a Diferencias. 
600 0 0 |a Pedro  |b I,  |c King of Castile and Leon,  |d 1334-1369  |v Drama. 
655 0 |a Electronic books. 
791 2 |a Digitalia (Firm),  |e distributor. 
830 0 |a Diferencias. (Linkgua Ediciones) 
793 0 |g Digitalia eBook Collection:  |a Linkgua. 
856 4 0 |3 Digitalia Hispánica  |u https://www.digitaliapublishing.com/a/14914/ 
910 |a Premium Collection: 2007-2012